English football players by picture - Statistics

General Stats
  • This quiz has been taken 149 times
  • The average score is 12 of 15
Answer Stats
Picture Answer % Correct
Wayne Rooney
99%
Harry Kane
98%
Frank Lampard
94%
Steven Gerrard
91%
Kyle Walker
87%
Jordan Pickford
84%
Rio Ferdinand
83%
John Terry
82%
Joe Hart
78%
Michael Owen
78%
James Milner
75%
Alan Shearer
67%
Sol Campbell
66%
Bobby Moore
58%
Kevin Keegan
20%
No matching quizzes found
Score Distribution
Percent of People with Each Score
Percentile by Number Answered
Your Score History
You have not taken this quiz